[Event "FRA-chT1B 0607"]
[Site "France"]
[Date "2006.11.25"]
[Round "2.1"]
[White "Forthofer, Robert"]
[Black "Sulava, Nenad"]
[Result "0-1"]
[WhiteElo "2250"]
[BlackElo "2512"]
[PlyCount "86"]
[EventDate "2006.10.15"]
[EventType "team-tourn"]
[EventRounds "11"]
[EventCountry "FRA"]
[SourceTitle "EXT 2008"]
[Source "ChessBase"]
[SourceDate "2007.11.25"]
[SourceVersion "1"]
[SourceVersionDate "2007.11.25"]
[SourceQuality "1"]
[WhiteTeam "Reims"]
[BlackTeam "Hyeres"]
[WhiteTeamCountry "FRA"]
[BlackTeamCountry "FRA"]

1. e4 c5 2. Nf3 e6 3. d4 cxd4 4. Nxd4 a6 5. Nc3 b5 6. Bd3 Qb6 7. Nb3 Qc7 8. 0-0 Bb7 9. Re1 Bd6 10. Qh5 Nc6 11. Bg5 g6 12. Qh4 h6 13. f4 hxg5 14. Qxh8 0-0-0 15. e5 Be7 16. fxg5 Bxg5 17. Ne4 Nh6 18. Nd6+ Kb8 19. Qg7 Qb6+ 20. Kh1 Ng4 21. Re2 Ncxe5 22. Nxb7 Bf6 23. Qxf6 Nxf6 24. Nxd8 Nfg4 25. h3 Qxd8 26. hxg4 Qh4+ 27. Kg1 Nxg4 28. g3 Qxg3+ 29. Rg2 Qe3+ 30. Kh1 f5 31. Rf1 Qh3+ 32. Kg1 Ne3 33. Rxg6 Nxf1 34. Bxf1 Qe3+ 35. Kh1 f4 36. c3 Qf2 37. Bg2 f3 38. Bh3 Qe1+ 39. Rg1 Qh4 40. Kh2 Qf4+ 41. Kh1 f2 42. Rg8+ Kc7 43. Bf1 Qe4+ 0-1

[Event "FRA-chT1B 0607"]
[Site "France"]
[Date "2006.11.06"]
[Round "3.2"]
[White "Forthofer, Robert"]
[Black "Rahal, Michael"]
[Result "1/2-1/2"]
[WhiteElo "2250"]
[BlackElo "2390"]
[PlyCount "38"]
[EventDate "2006.10.15"]
[EventType "team-tourn"]
[EventRounds "11"]
[EventCountry "FRA"]
[SourceTitle "EXT 2008"]
[Source "ChessBase"]
[SourceDate "2007.11.25"]
[SourceVersion "1"]
[SourceVersionDate "2007.11.25"]
[SourceQuality "1"]
[WhiteTeam "Reims"]
[BlackTeam "Avignon"]
[WhiteTeamCountry "FRA"]
[BlackTeamCountry "FRA"]

1. e4 e6 2. d4 d5 3. Nc3 Bb4 4. Nge2 dxe4 5. a3 Bxc3+ 6. Nxc3 Nc6 7. Bb5 Nge7 8. Bg5 f6 9. Be3 0-0 10. Qd2 a6 11. Bxc6 Nxc6 12. 0-0-0 b6 13. Nxe4 Bb7 14. f3 Qd7 15. Rhe1 Rad8 16. Nc3 Rfe8 17. d5 Qc8 18. Qf2 Ne5 19. dxe6 Rxd1+ 1/2-1/2